000 00615nam a2200229Ia 4500
003 OSt
005 20221007072546.0
006 a|||||r|||| 00| 0
007 ta
008 221006b |||||||| |||| 00| 0 eng d
024 _a27,597
037 _cTextual
040 _aFLL
_cFLL
_beng
041 _2eng
_aeng
082 _aZ657:211, K4;3
100 _aEnchill Kwamena Bentsi
_9152562
245 0 _aGhana land law
260 _aLondon
_bSweet & Maxwell London
_c1964
300 _axxv,408p
_ccm.
942 _hZ657:211, K4;3
_cTEXL
_2CC
999 _c1146420
_d1146420